Missing Word: Best Original Screenplay Since 1980 Quiz Stats

 Plays Quiz Updated Oct 29, 2018

Score 0/25 Timer 03:00
0 Plays Today
Film Word % Correct
Good ____ HuntingWill
98.8%
Pulp ____Fiction
98.7%
Little ____ SunshineMiss
98.4%
Dead ____ SocietyPoets
97.7%
Thelma & ____Louise
97.6%
Shakespeare in ____Love
97.4%
The ____ SpeechKing's
96.6%
The Hurt ____Locker
96.3%
Chariots of ____Fire
96.1%
The Usual ____Suspects
94.7%
____ BeautyAmerican
91.2%
The Crying ____Game
90%
Lost in ____Translation
89.2%
Film Word % Correct
____ UnchainedDjango
88.7%
Eternal ____ of the Spotless MindSunshine
84.5%
Hannah and Her ____Sisters
82.3%
Midnight in ____Paris
79%
Almost ____Famous
74.2%
____ MerciesTender
59.9%
Places in the ____Heart
58.8%
____ ParkGosford
47.9%
____ ManRain
47%
Talk to ____Her
32.5%
Birdman or (The ____ Virtue of Ignorance)Unexpected
28.1%
Melvin and ____Howard
23%

Today's Daily Dose

You're not logged in!

Compare scores with friends on all Sporcle quizzes.
OR
Log In

You Might Also Like...

Show Comments

Extras

Top Quizzes Today


Score Distribution

Your Account Isn't Verified!

In order to create a playlist on Sporcle, you need to verify the email address you used during registration. Go to your Sporcle Settings to finish the process.

Report this User

Report this user for behavior that violates our Community Guidelines.

Details: